00674nam a2200181Ia 450000500170000000800410001702000150005805000300007324500790010326000310018230000170021333600100023033700140024033800120025449000460026650501370031265000430044920231102151116.0120626s2008 mx 000 0 spa d a970985723114aKGF4440.A311994bL49 200810aLey de profesiones:bLegislación en materia de educación y profesiones aMéxico b : Pacc , 2008 a93 páginas atexto asin medio avolumen aColección Leyes, Códigos, Reglamentos2 aArticulo 3o. constitucional Articulo 5o. constitucional Ley reglamentaria del articulo 5o. constitucional Lay General de Educación14aEDUCACIÓN vLEGISLACIÓNzMÉXICO